Pays du portugais au français - Statistiques

Statistiques générales
  • Ce quiz a été pris 239 fois
  • Le résultat moyen est 15 sur 16
Statistiques - réponses
Pays en portugais Et en français % Correct
Espanha Espagne
99%
Japão Japon
99%
Polónia Pologne
99%
Suíça Suisse
99%
Turquia Turquie
99%
Alemanha Allemagne
98%
Estados Unidos États-Unis
98%
Grécia Gréce
98%
Noruega Norvège
98%
Coreia do Norte Corée du Nord
97%
Suécia Suède
97%
Países Baixos Pays-Bas
92%
Dinamarca Danemark
89%
Sudão do Sul Soudan du Sud
85%
Timor Leste Timor Oriental
83%
Costa do Marfim Côte d'Ivoire
67%
Aucun quiz correspondant
Distribution des résultats
% des personnes avec chaque résultat
Percentile par nombre de réponses
Votre historique - résultats
Vous n’avez pas pris ce quiz